[Event "Campeonato de Aragon por Equipos 2009"]
[Site "Aragon"]
[Date "2009.02.21"]
[Round "4.27"]
[White "Escuer Sanchez Nestor"]
[Black "Montes Santos Lorenzo"]
[Result "1/2-1/2"]
[WhiteElo "2089"]
[BlackElo "2089"]

1.e4 c5 2.c4 e5 3.d3 d6 4.f4 Nc6 5.Nf3 Nge7 6.f5 Bd7 7.Nc3 Nd4 8.Rb1 Nec6 9.a3
Be7 10.Nd5 Nxf3+ 11.Qxf3 Nd4 12.Qd1 Bc6 13.Nxe7 Qxe7 14.Be2 f6 15.b4 a6 16.Be3
O-O 17.g4 b5 18.Qc1 Kh8 19.Rg1 cxb4 20.Rxb4 Rac8 21.Bxd4 exd4 22.cxb5 Bxe4 23.
Qd2 Bf3 24.Kf2 Qxe2+ 25.Qxe2 Bxe2 26.Kxe2 axb5 27.Rxd4 Rc2+ 28.Kf3 h6 29.Rxd6
Rxh2 30.Rb1 Re8 31.Re6 Rd8 32.Rb3 Rh3+ 33.Ke4 Rh4 34.Kf3 Rh3+ 35.Ke2 h5 36.
gxh5 Rd5 37.Rb6 Rxh5 38.R6xb5 Rdxf5 39.Rxf5 Rxf5 40.d4 g5 41.Ke3 Kg7 42.a4 Ra5
43.Rb4 Kg6 44.Ke4 f5+ 45.Kf3 Kf6 46.Rb6+ Kf7 47.Rb5 Rxa4 48.Rxf5+ Ke6 1/2-1/2

[Event "Campeonato de Aragon por Equipos 2009"]
[Site "Aragon"]
[Date "2009.02.21"]
[Round "4.28"]
[White "Cerrajeria Ruiz Jesus Maria"]
[Black "Sig Vargas Pablo"]
[Result "1-0"]
[WhiteElo "2079"]
[BlackElo "1877"]

1.c4 e5 2.g3 Nf6 3.Bg2 Nc6 4.Nf3 Be7 5.d4 Bb4+ 6.Bd2 Bxd2+ 7.Qxd2 d6 8.dxe5
Nxe5 9.Nxe5 dxe5 10.Qxd8+ Kxd8 11.O-O c6 12.Rd1+ Kc7 13.Nd2 Re8 14.Rac1 e4 15.
Nf1 Bg4 16.Rd2 Rad8 17.Rcc2 Rxd2 18.Rxd2 Rd8 19.Rc2 Rd1 20.h3 Bh5 21.g4 Bg6
22.Rd2 Rxd2 23.Nxd2 h6 24.c5 b6 25.cxb6+ axb6 26.Kf1 b5 27.a3 Kd6 28.e3 Kd5
29.Ke2 c5 30.Kd1 Nd7 31.Bf1 Kc6 32.Kc2 Ne5 33.Kc3 Nd7 34.b4 f6 35.bxc5 Nxc5
36.Kb4 Na6+ 37.Ka5 Nc7 38.Bg2 Kc5 39.Bxe4 Be8 40.Bd3 Bd7 41.Nb3+ Kc6 42.Be4+
Kd6 43.Kb6 Nd5+ 44.Bxd5 Kxd5 45.Nd4 Kc4 46.Kc7 Be8 47.Kd8 Bg6 48.Ke7 h5 49.Kf8
hxg4 50.hxg4 b4 51.axb4 Kxb4 52.Kxg7 Be4 53.Kxf6 Kc4 54.g5 1-0

[Event "Campeonato de Aragon por Equipos 2009"]
[Site "Aragon"]
[Date "2009.02.20"]
[Round "4.29"]
[White "Martinez Asensio Juan M"]
[Black "Forcen Esteban Daniel"]
[Result "0-1"]
[WhiteElo "2180"]
[BlackElo "2169"]

1.d4 Nf6 2.c4 g6 3.Nc3 Bg7 4.e4 d6 5.Nf3 O-O 6.Be2 e5 7.d5 a5 8.Bg5 h6 9.Bh4
Qe8 10.Nd2 Na6 11.O-O Nh7 12.Kh1 Nc5 13.Qc2 f5 14.exf5 Bxf5 15.Nde4 Nxe4 16.
Nxe4 Bxe4 17.Qxe4 Rf4 0-1

[Event "Campeonato de Aragon por Equipos 2009"]
[Site "Aragon"]
[Date "2009.02.21"]
[Round "4.30"]
[White "Antolin Concha Diego"]
[Black "Martin Catalan Juan Vicente"]
[Result "1-0"]
[WhiteElo "2122"]
[BlackElo "2114"]

1.d4 Nf6 2.c4 g6 3.Bf4 Bg7 4.e3 d6 5.h3 O-O 6.Nf3 c5 7.Nc3 Qa5 8.Qd2 Nc6 9.d5
Nb4 10.Rc1 Bd7 11.a3 Na6 12.Bd3 Nc7 13.O-O a6 14.b4 Qb6 15.e4 Qa7 16.e5 dxe5
17.Nxe5 Nce8 18.Rfe1 cxb4 19.axb4 Rd8 20.Nxd7 Rxd7 21.Na4 Nd6 22.Be3 Qb8 23.
Nb6 Rdd8 24.Bf4 Qc7 25.c5 Rfe8 26.Qe3 1-0

[Event "Campeonato de Aragon por Equipos 2009"]
[Site "Aragon"]
[Date "2009.02.21"]
[Round "4.31"]
[White "Dominguez Bujeda Jesus"]
[Black "Garcia Ramon Ricardo"]
[Result "1/2-1/2"]
[WhiteElo "2082"]
[BlackElo "2093"]

1.d4 d6 2.c4 Nf6 3.Nc3 Nbd7 4.e4 e5 5.d5 Be7 6.Bd3 Nc5 7.Bc2 a5 8.Nge2 O-O 9.
O-O Ne8 10.Ng3 Bg5 11.a3 g6 12.Rb1 Ng7 13.b4 axb4 14.axb4 Na6 15.Qe2 Bxc1 16.
Rfxc1 f5 17.exf5 Nxf5 18.Bxf5 Bxf5 19.Nge4 Qe7 20.Rb2 Rf7 21.f3 c6 22.Ra1 Bxe4
23.Qxe4 Rf4 24.Qe2 Nc7 25.Rxa8+ Nxa8 26.dxc6 bxc6 27.b5 Qa7+ 28.Kf1 cxb5 29.
Nxb5 Qc5 30.g3 Rxc4 31.Kg2 Rc1 32.Rd2 d5 33.Nd4 exd4 34.Qe8+ Qf8 35.Qe5 Rc3
36.Qxd5+ Kg7 37.Qxd4+ Qf6 38.Qa7+ Nc7 39.Rd7+ Kh6 40.Rxc7 Qxf3+ 41.Kg1 Qd1+
42.Kg2 Qf3+ 1/2-1/2

[Event "Campeonato de Aragon por Equipos 2009"]
[Site "Aragon"]
[Date "2009.02.21"]
[Round "4.32"]
[White "Castillo Sanjuan Alejandro"]
[Black "Gomez Calomarde Saul"]
[Result "1/2-1/2"]
[WhiteElo "1999"]
[BlackElo "1945"]

1.d4 Nf6 2.c4 c5 3.d5 b5 4.Nd2 bxc4 5.Nxc4 d6 6.Qc2 g6 7.e4 Bg7 8.Nf3 O-O 9.
Be2 Nbd7 10.O-O Rb8 11.h3 Ba6 12.Rb1 Bxc4 13.Bxc4 Nb6 14.Ba6 Nfd7 15.Re1 c4
16.Be3 Qc7 17.b3 Nc5 18.Bxc4 Nca4 19.Bd4 Rfc8 20.Bxg7 Kxg7 21.Nd4 Nxc4 22.bxc4
Rxb1 23.Qxb1 Qxc4 24.Nc6 Rc7 25.Qb8 Rd7 26.Nxa7 Nc3 27.Nc6 Nxe4 28.Qb3 Qxb3
29.axb3 Nc3 30.Nxe7 Rb7 31.Nc8 Rxb3 32.Nxd6 Nxd5 33.Re5 Rd3 34.Ne8+ Kf8 35.Kf1
h5 36.g3 h4 37.gxh4 Nf4 38.Nf6 Rxh3 39.Kg1 Rxh4 40.Re3 Ne6 41.Ne4 Nd4 42.Kg2
Nf5 43.Re1 Kg7 44.f3 Rh8 45.Rc1 Ra8 46.Rc7 Ra5 47.Kh3 Ne3 48.Kg3 g5 49.Rc5
Rxc5 50.Nxc5 f5 51.Nb3 Kf6 52.Nd4 Ke5 53.Nc6+ Kd6 54.Nd4 f4+ 55.Kf2 Kd5 56.Ne2
Ke5 57.Nc3 Kf5 58.Ne2 Ke5 59.Nc3 Kd4 60.Ne4 g4 61.Ng5 g3+ 62.Ke2 Ke5 63.Ne4
Nd5 64.Nc5 Nc3+ 65.Kf1 Kd5 66.Nd3 Kd4 67.Nxf4 1/2-1/2

[Event "Campeonato de Aragon por Equipos 2009"]
[Site "Aragon"]
[Date "2009.02.21"]
[Round "4.33"]
[White "Burillo Rodriguez Carlos"]
[Black "Romon Poves Raul"]
[Result "0-1"]
[WhiteElo "2125"]
[BlackElo "2251"]

1.d4 d5 2.c4 dxc4 3.Nc3 Nf6 4.e3 e6 5.Bxc4 c5 6.Nf3 a6 7.a4 Nc6 8.O-O Be7 9.d5
exd5 10.Nxd5 Nxd5 11.Qxd5 Be6 12.Qxd8+ Rxd8 13.Bxe6 fxe6 14.Bd2 Kf7 15.Bc3 Rd3
16.a5 Rhd8 17.Ne5+ Nxe5 18.Bxe5 Bf6 19.Bxf6 Kxf6 20.Rac1 R8d5 21.e4 Re5 22.f3
Rb3 23.Rc4 Rg5 24.Rf2 Rb5 25.f4 Rg4 26.g3 Rxa5 27.Kg2 h5 28.h3 Rg6 29.f5 Rg5
30.h4 Rg4 31.fxe6+ Kxe6 32.Rf5 Rxe4 33.Rcxc5 Rxc5 34.Rxc5 g6 35.Kf3 Rb4 36.Rc2
a5 37.Ke3 b6 38.Rg2 b5 39.Kd3 Kd5 40.Kc3 Rc4+ 41.Kd3 a4 42.Rf2 Rd4+ 43.Kc2 Rg4
44.Rf3 b4 45.Kd2 Rd4+ 46.Ke2 Rc4 47.Kd2 b3 48.Rd3+ Rd4 49.Kc3 Rxd3+ 50.Kxd3
Kc5 51.Kc3 Kb5 0-1

[Event "Campeonato de Aragon por Equipos 2009"]
[Site "Aragon"]
[Date "2009.02.21"]
[Round "4.34"]
[White "Gil Capape MA"]
[Black "Veras Sanz Martin Marino"]
[Result "1-0"]
[WhiteElo "2161"]
[BlackElo "2081"]

1.e4 c5 2.Nf3 d6 3.Bc4 Nc6 4.O-O Nf6 5.d3 g6 6.Re1 Bg7 7.h3 O-O 8.a3 d5 9.exd5
Nxd5 10.c3 b6 11.Bg5 Bb7 12.Qe2 h6 13.Qe4 Nf6 14.Bxf6 Bxf6 15.Qxg6+ Bg7 16.b4
b5 17.Ba2 c4 18.Qf5 Qxd3 19.Qxb5 Qd7 20.Bxc4 a5 21.Ra2 Qc7 22.Qc5 Qf4 23.Bd5
Rfc8 24.g3 Qf5 25.Nh4 Qxh3 26.Bg2 Qd7 27.Rd2 Qg4 28.Re4 Qg5 29.Nf5 Nxb4 30.
Nxe7+ Kh8 31.Qxg5 hxg5 32.Nxc8 Bxe4 33.Rd8+ Bf8 34.Bxe4 1-0

[Event "Campeonato de Aragon por Equipos 2009"]
[Site "Aragon"]
[Date "2009.02.21"]
[Round "4.35"]
[White "Bailo Remacha Santiago"]
[Black "Argueso Pascual Jorge"]
[Result "0-1"]
[WhiteElo "2038"]
[BlackElo "1978"]

1.b3 e5 2.Bb2 Nc6 3.c4 Nf6 4.g3 d5 5.cxd5 Qxd5 6.Nf3 e4 7.Nc3 Qa5 8.Nh4 g5 9.
Ng2 Bh3 10.Ne3 Bxf1 11.Kxf1 Rg8 12.a3 O-O-O 13.b4 Qe5 14.Qc2 Qe6 15.Kg2 h5 16.
h4 Be7 17.Rac1 gxh4 18.Rxh4 Nd4 19.Qa4 Kb8 20.d3 Ng4 21.Rxh5 Nxe3+ 22.fxe3 Qg4
23.Nxe4 Qxe2+ 24.Nf2 Rxg3+ 25.Kxg3 Qf3+ 26.Kh2 Bd6+ 27.Kg1 Rg8+ 0-1

[Event "Campeonato de Aragon por Equipos 2009"]
[Site "Aragon"]
[Date "2009.02.20"]
[Round "4.36"]
[White "Argueso Palomino Manuel"]
[Black "Labrador Postigo Francisco"]
[Result "0-1"]
[WhiteElo "1832"]
[BlackElo "1953"]

1.d4 Nf6 2.Nf3 e6 3.Nbd2 d5 4.e3 c5 5.c3 Nc6 6.Bd3 Be7 7.O-O Qc7 8.dxc5 O-O 9.
b4 a5 10.Nd4 e5 11.Nxc6 bxc6 12.Bb2 Ng4 13.Be2 f5 14.h3 Nh6 15.a3 Rb8 16.c4
axb4 17.axb4 Bxc5 18.bxc5 Rxb2 19.Qc1 Rb8 20.cxd5 cxd5 21.Qc3 f4 22.Nf3 e4 23.
Nh2 f3 24.gxf3 Bxh3 25.Rfb1 Rxb1+ 26.Rxb1 Qf7 27.Qe5 exf3 28.Bxf3 Qg6+ 29.Ng4
Qxb1+ 30.Kh2 Nxg4+ 31.Bxg4 Bxg4 32.Qxd5+ Kh8 0-1

[Event "Campeonato de Aragon por Equipos 2009"]
[Site "Aragon"]
[Date "2009.02.21"]
[Round "4.37"]
[White "Sicilia Ruiz Manuel"]
[Black "Lafarga Santorroman David"]
[Result "0-1"]
[WhiteElo "2153"]
[BlackElo "2261"]

1.d4 d5 2.Nf3 Nf6 3.e3 e6 4.Bd3 c5 5.c3 Nc6 6.Nbd2 Bd6 7.O-O O-O 8.dxc5 Bxc5
9.e4 Qc7 10.Qe2 h6 11.h3 Nh5 12.Nb3 Ng3 13.Qe1 Bb6 14.Nbd4 Nxf1 15.Kxf1 Nxd4
16.cxd4 Bd7 17.e5 a6 18.a4 f5 19.exf6 Rxf6 20.Be3 Rxf3 21.gxf3 Qh2 22.Ke2 e5
23.Qg1 Qxg1 24.Rxg1 exd4 25.Bxh6 Re8+ 26.Kd1 Bxa4+ 27.Kc1 Re7 28.Bd2 Bb3 29.h4
Rf7 30.h5 Rxf3 31.Bg6 Rxf2 32.h6 Bc4 33.h7+ Kh8 34.Re1 Rf1 0-1

[Event "Campeonato de Aragon por Equipos 2009"]
[Site "Aragon"]
[Date "2009.02.21"]
[Round "4.38"]
[White "Valles Mata David"]
[Black "Fernandez Urrutia Gallo Carlos"]
[Result "1-0"]
[WhiteElo "2147"]
[BlackElo "1998"]

1.e4 c5 2.Nf3 d6 3.d4 cxd4 4.Nxd4 Nf6 5.Nc3 g6 6.f3 Bg7 7.Be3 O-O 8.Bc4 Nc6 9.
Qd2 Bd7 10.O-O-O Rc8 11.Bb3 a5 12.h4 Nxd4 13.Bxd4 b5 14.a4 bxa4 15.Nxa4 Bxa4
16.Bxa4 Nxe4 17.fxe4 Rc4 18.Bxg7 Rxa4 19.b3 1-0

[Event "Campeonato de Aragon por Equipos 2009"]
[Site "Aragon"]
[Date "2009.02.21"]
[Round "4.39"]
[White "Alava Ruiz Jorge"]
[Black "Alsina Franco Sergi"]
[Result "1-0"]
[WhiteElo "1803"]
[BlackElo "2112"]

1.d4 d5 2.Nf3 Nf6 3.e3 e6 4.Bd3 c5 5.c3 Nc6 6.Nbd2 Bd6 7.O-O O-O 8.dxc5 Bxc5
9.e4 e5 10.Re1 Qb6 11.Qe2 d4 12.Nc4 Qc7 13.cxd4 Nxd4 14.Nxd4 Bxd4 15.Be3 Be6
16.Bxd4 exd4 17.e5 Ng4 18.Nd6 f5 19.Rac1 Qe7 20.Bc4 Rad8 21.Nxf5 Rxf5 22.Qxg4
g6 23.Bxe6+ Qxe6 24.b3 d3 25.Rcd1 Qb6 26.Qc4+ Kh8 27.Rd2 Rdf8 28.Rf1 Qe3 29.
Qxd3 Qxe5 30.Qd4 Qxd4 31.Rxd4 Ra5 32.a4 Rf7 33.Rfd1 Rc5 34.f3 a6 35.Kf2 Kg7
36.g4 Rc3 37.R1d3 Rc2+ 38.Kg3 g5 39.Rd7 Rc7 40.Rxc7 Rxc7 41.h4 h6 42.hxg5 hxg5
43.f4 gxf4+ 44.Kxf4 Kf6 45.g5+ Ke6 46.Re3+ Kf7 47.Kf5 Rc5+ 48.Re5 Rc3 49.g6+
Kf8 50.g7+ Kxg7 51.Re7+ Kf8 52.Rxb7 Rf3+ 53.Ke5 Ke8 54.Kd5 Rh3 55.Kc5 Kd8 56.
Rb6 Rh5+ 57.Kb4 1-0

[Event "Campeonato de Aragon por Equipos 2009"]
[Site "Aragon"]
[Date "2009.02.21"]
[Round "4.40"]
[White "Cuello Borau Jorge"]
[Black "Gregorio Cabello Alberto"]
[Result "1-0"]
[WhiteElo "1863"]
[BlackElo "1713"]

1.d4 e6 2.c4 f5 3.Nc3 Nf6 4.Nf3 d5 5.cxd5 exd5 6.Bg5 c6 7.Qc2 Be7 8.Bxf6 Bxf6
9.e3 O-O 10.Bd3 Be7 11.Ne5 Bf6 12.h4 Bxe5 13.dxe5 Qe8 14.f4 Be6 15.Ne2 Nd7 16.
g4 Qg6 17.Rg1 Qh6 18.gxf5 Bf7 19.e6 Nf6 20.exf7+ Rxf7 21.O-O-O Re8 22.Qd2 Rfe7
23.Nd4 Rxe3 24.Ne6 R3xe6 25.fxe6 Rxe6 26.Qf2 Ne4 27.Bxe4 Rxe4 28.Rd4 Re7 29.
Re1 Rxe1+ 30.Qxe1 Kf7 31.Kb1 Qf6 32.Qf2 Qf5+ 33.Ka1 c5 34.Rd1 d4 35.Qf3 Qd7
36.Qh5+ 1-0

[Event "Campeonato de Aragon por Equipos 2009"]
[Site "Aragon"]
[Date "2009.02.21"]
[Round "4.41"]
[White "Lopez Gracia Fernando"]
[Black "Horton Justin"]
[Result "1-0"]
[WhiteElo "2297"]
[BlackElo "2137"]

1.e4 e5 2.Nf3 Nc6 3.Bb5 a6 4.Ba4 Nf6 5.O-O Be7 6.Re1 b5 7.Bb3 d6 8.c3 O-O 9.h3
Nb8 10.d4 Nbd7 11.Nbd2 Bb7 12.Bc2 Re8 13.Nf1 Bf8 14.Ng3 g6 15.a4 c5 16.d5 c4
17.Bg5 h6 18.Be3 Nc5 19.Qd2 h5 20.Bg5 Bg7 21.Nh4 Qb6 22.Nhf5 Nfxe4 23.Bxe4
gxf5 24.Bh6 f4 25.Bxg7 Nb3 26.Bh7+ Kxh7 27.Qc2+ Kxg7 28.Nxh5+ Kh6 29.Nf6 Rh8
30.Qf5 Bc8 31.Ng4+ Kg7 32.Qf6+ Kg8 33.Nxe5 Qb7 34.Nc6 Rh5 35.Re8+ 1-0

[Event "Campeonato de Aragon por Equipos 2009"]
[Site "Aragon"]
[Date "2009.02.21"]
[Round "4.42"]
[White "Abos Rosico Antonio"]
[Black "Gimenez Martinez Alberto"]
[Result "1-0"]
[WhiteElo "2047"]
[BlackElo "2090"]

1.e4 c5 2.Nf3 d6 3.d4 Nf6 4.Nc3 cxd4 5.Qxd4 a6 6.Bg5 e5 7.Qd2 Be6 8.Bd3 Nbd7
9.O-O Be7 10.Rfe1 h6 11.Be3 Ng4 12.Nd5 Bxd5 13.exd5 O-O 14.Bf5 Nxe3 15.Qxe3
Nf6 16.Rad1 g6 17.Bh3 Kh7 18.c4 Nh5 19.g3 f5 20.c5 Re8 21.c6 bxc6 22.dxc6 Qa5
23.Qb3 Bf8 24.Qf7+ Ng7 25.Nh4 Re6 26.Nxg6 1-0

[Event "Campeonato de Aragon por Equipos 2009"]
[Site "Aragon"]
[Date "2009.02.21"]
[Round "4.43"]
[White "Arregui Untoria Carlos"]
[Black "Gonzalez Gambau Jorge"]
[Result "0-1"]
[WhiteElo "2003"]
[BlackElo "2033"]

1.d4 d5 2.c4 c6 3.cxd5 cxd5 4.Nc3 Nf6 5.Bf4 Nc6 6.Nf3 Ne4 7.e3 Nxc3 8.bxc3 e6
9.Bd3 Bd6 10.Bxd6 Qxd6 11.O-O O-O 12.c4 dxc4 13.Bxc4 b6 14.Qd2 Bb7 15.Rfc1
Rac8 16.Bd3 Rfd8 17.Rc3 e5 18.dxe5 Nxe5 19.Nxe5 Qxe5 20.Rac1 Rxc3 21.Qxc3 Qd5
22.Bf1 Qxa2 23.Qc7 Qd5 24.e4 Qd7 25.f3 g6 26.h3 Qd4+ 27.Kh2 Rc8 28.Qf4 Rxc1
29.Qxc1 Qd6+ 30.Kh1 a6 31.Qc3 b5 32.e5 Qc6 33.Qd4 Qd5 34.Qb6 Qc6 35.Qd4 Qe6
36.f4 Qxh3+ 37.Kg1 Qe6 38.Qd8+ Kg7 39.Qc7 Qc6 40.Qe7 Bc8 41.Qd8 b4 42.Bc4 Bd7
43.Qe7 Qxc4 44.Qf6+ Kg8 45.Qd8+ Be8 46.Qxe8+ Kg7 47.f5 Qc1+ 48.Kh2 Qf4+ 0-1

[Event "Campeonato de Aragon por Equipos 2009"]
[Site "Aragon"]
[Date "2009.02.21"]
[Round "4.44"]
[White "Perez Puyal Jose J"]
[Black "Cebollada Pacheco Jesus Raul"]
[Result "1-0"]
[WhiteElo "1867"]
[BlackElo "1992"]

1.e4 c5 2.Nc3 e6 3.g3 d5 4.d3 dxe4 5.Nxe4 Bd7 6.Nf3 Bc6 7.Ne5 Qd5 8.Nxc6 Nxc6
9.Bg2 Qd7 10.Be3 b6 11.Qf3 Rc8 12.O-O Be7 13.Qd1 Nf6 14.Qd2 O-O 15.Rad1 Nd5
16.Bg5 h6 17.Bxe7 Qxe7 18.Rfe1 Rfd8 19.Nc3 Nxc3 20.bxc3 Rd6 21.Qe3 Qf6 22.Bxc6
Rdxc6 23.Qe5 Qxe5 24.Rxe5 Rd6 25.Rde1 Rcd8 26.f4 Rd5 27.Kg2 Kf8 28.h3 R8d6 29.
R5e2 Ke7 $2 (29...c4 {Creo que esta jugada gana.}) 30.c4 $1 Rd4 31.f5 Kf6 32.
fxe6 Rxe6 33.Rxe6+ fxe6 34.Kf3 Rd7 35.Re4 e5 36.Re2 Ke6 37.Re4 Rf7+ 38.Ke2 g5
39.c3 Rd7 40.Ke3 Kf5 41.g4+ Ke6 42.d4 cxd4+ 43.cxd4 Rxd4 44.Rxd4 exd4+ 45.Kxd4
Kd6 46.a3 a6 47.Ke4 Kc5 48.Kd3 Kd6 49.Ke4 Kc5 50.Kd3 a5 {El final son claras tablas, pero tenía que intentarlo todo, ya que íbamos 2-1.}
51.Kc3 Kc6 52.Kd4 a4 $6 53.Kd3 Kc5 $4 {Intentando evitar la repetición de jugadas regalo todo el puntito. Bien.}
54.Kc3 b5 55.cxb5 Kxb5 56.Kd4 Kc6 57.Kc4 Kd6 58.Kb5 Kd5 59.Kxa4 Kc4 60.Ka5 1-0

[Event "Campeonato de Aragon por Equipos 2009"]
[Site "Aragon"]
[Date "2009.02.21"]
[Round "4.45"]
[White "Juberias Segura Santiago"]
[Black "Ramiro Ovejero Juan Luis"]
[Result "0-1"]
[WhiteElo "2125"]
[BlackElo "2345"]

1.e4 c5 2.Nf3 e6 3.d4 cxd4 4.Nxd4 Nc6 5.Nc3 Qc7 6.a3 a6 7.g3 d6 8.Bg2 Bd7 9.
O-O Nf6 10.Nxc6 Bxc6 11.Be3 Be7 12.Qe2 O-O 13.Rfd1 Rac8 14.Rd2 b5 15.Rad1 Nd7
16.Bf4 Ne5 17.Bxe5 dxe5 18.Rd3 a5 19.R3d2 Qb7 20.Bf1 Rb8 21.Qh5 b4 22.Nb1 Qc7
23.axb4 axb4 24.b3 Bxe4 25.Re1 Qc6 26.Qxe5 Bf3 27.Bd3 Bf6 28.Be4 Bxe5 29.Bxc6
Bxc6 30.Rxe5 Ra8 31.f4 Ra1 32.Re1 Bd5 33.Kf2 h6 34.Rd4 Rc8 35.Rc1 Bxb3 36.Rxb4
Rxc2+ 37.Rxc2 Bxc2 38.Nd2 Bf5 39.Nf3 Ra2+ 40.Kg1 Bh3 41.Rb3 Rg2+ 42.Kh1 Rf2
0-1

[Event "Campeonato de Aragon por Equipos 2009"]
[Site "Aragon"]
[Date "2009.02.21"]
[Round "4.46"]
[White "Alonso Fernandez Revuelta Rodri"]
[Black "Antonano Fernandez Avelino"]
[Result "0-1"]
[WhiteElo "2129"]
[BlackElo "2102"]

1.e4 Nc6 2.Nf3 d6 3.d4 Bg4 4.Be2 e6 5.O-O Be7 6.d5 Bxf3 7.Bxf3 exd5 8.Qxd5 Nf6
9.Qb5 O-O 10.Qxb7 Nd4 11.Bd1 Qd7 12.c3 Ne6 13.f3 Nc5 14.Qb4 Nd3 15.Qc4 Nxc1
16.Ba4 d5 17.exd5 Ne2+ 18.Kh1 Qxd5 19.Qxe2 Bd6 20.Nd2 Qh5 21.g4 Qa5 22.Bc6
Rab8 23.Ne4 Nxe4 24.Bxe4 Rfe8 25.Rfd1 Re6 26.Rd5 0-1

[Event "Campeonato de Aragon por Equipos 2009"]
[Site "Aragon"]
[Date "2009.02.21"]
[Round "4.47"]
[White "Garcia Andres Daniel"]
[Black "Galvez Perez Jose Luis"]
[Result "1-0"]
[WhiteElo "2039"]
[BlackElo "2072"]

1.e4 d6 2.Nc3 Nf6 3.f4 g6 4.Nf3 Bg7 5.Bc4 O-O 6.d3 c6 7.e5 dxe5 8.fxe5 Nd5 9.
Ne4 h6 10.O-O b5 11.Bb3 a5 12.a3 Na6 13.Qe1 a4 14.Ba2 b4 15.c4 b3 16.Bb1 Ndc7
17.Qh4 h5 18.d4 Bg4 19.Be3 Bxf3 20.Rxf3 Ne6 21.Kh1 c5 22.d5 Bxe5 23.Nc3 Nd4
24.Rf2 Nc7 25.g4 hxg4 26.Qxg4 Kg7 27.Bh6+ Kg8 28.Bxg6 1-0

[Event "Campeonato de Aragon por Equipos 2009"]
[Site "Aragon"]
[Date "2009.02.21"]
[Round "4.48"]
[White "Carraminana Lopez Luis Antonio"]
[Black "Pellicer Coloma Pedro"]
[Result "1-0"]
[WhiteElo "1961"]
[BlackElo "2016"]

1.e4 c5 2.Nf3 Nc6 3.Bb5 d6 4.Bxc6+ bxc6 5.O-O g6 6.d4 cxd4 7.Qxd4 e5 8.Qd3 Bb7
9.c4 Qc7 10.c5 d5 11.exd5 cxd5 12.Nxe5 f6 13.Qb5+ Kd8 14.c6 fxe5 15.Qxd5+ Qd6
16.Qa5+ Kc8 17.cxb7+ Kxb7 18.Be3 a6 19.Na3 Ne7 20.Rfd1 Qe6 21.Rd7+ Qxd7 22.
Qb6+ Kc8 23.Rc1+ Nc6 24.Rxc6+ Qxc6 25.Qxc6+ 1-0

[Event "Campeonato de Aragon por Equipos 2009"]
[Site "Aragon"]
[Date "2009.02.21"]
[Round "4.49"]
[White "Hinojar Basa Alfonso"]
[Black "Cebrian Valverde Jose Antonio"]
[Result "1-0"]
[WhiteElo "2216"]
[BlackElo "2200"]

1.e4 e6 2.d4 d5 3.Nc3 Bb4 4.e5 Ne7 5.a3 Bxc3+ 6.bxc3 c5 7.Nf3 Qa5 8.Bd2 Nbc6
9.Be2 Bd7 10.O-O c4 11.Ng5 f6 12.exf6 gxf6 13.Bh5+ Ng6 14.Nxh7 Kf7 15.Nxf6
Kxf6 16.Qf3+ Kg7 17.Qg4 Rxh5 18.Qxh5 Rh8 19.Qg5 Qd8 20.g3 Ne7 21.h4 Nf5 22.
Qxd8 Rxd8 23.h5 Nge7 24.Kg2 Ba4 25.Rab1 b6 26.Rb2 Nd6 27.f3 Rf8 28.g4 Ng8 29.
Re1 Kf6 30.Re2 Nf7 31.Be1 Nd6 32.Rb4 Bd7 33.a4 Ne7 34.Bg3 Nb7 35.Rb1 Nc6 36.
Rh1 Nbd8 37.Bh4+ Kg7 38.Rhe1 Nf7 39.Rxe6 Bxe6 40.Rxe6 Ncd8 41.Bf6+ Kh7 42.Re7
a5 43.g5 Rg8 44.Rd7 Re8 45.Bxd8 Rxd8 46.Rxf7+ Kg8 47.Rb7 Rd6 48.Kg3 Kf8 49.Kf4
Re6 50.h6 1-0

[Event "Campeonato de Aragon por Equipos 2009"]
[Site "Aragon"]
[Date "2009.02.21"]
[Round "4.50"]
[White "Gimeno Oteo Marco Antonio"]
[Black "Portero Garnica Miguel Angel"]
[Result "0-1"]
[WhiteElo "2161"]
[BlackElo "2179"]

1.e4 e5 2.Nf3 Nc6 3.Bb5 a6 4.Ba4 Nf6 5.O-O Nxe4 6.d4 b5 7.Bb3 d5 8.dxe5 Be6 9.
c3 Bc5 10.Qe2 O-O 11.Be3 Qe7 12.Nbd2 Nxd2 13.Bxd2 Rad8 14.Bc2 h6 15.Rfe1 f5
16.a4 Rb8 17.axb5 axb5 18.Ra6 Nd8 19.Nd4 b4 20.Qd3 bxc3 21.Bxc3 Bxd4 22.Qxd4
c5 23.Qa4 d4 24.Ra7 Rb7 25.Rxb7 Qxb7 26.Ba5 c4 27.Bb4 d3 28.Bd1 Rf7 29.Bc3 Re7
30.Bf3 Bd5 31.Qa5 Rd7 32.e6 Nxe6 33.Rxe6 Bxf3 34.Qxf5 Qa8 35.gxf3 d2 36.Bxd2
Rxd2 37.Qg6 Rd8 38.Kg2 Rf8 39.Re4 Qd5 40.Qg4 Rf5 41.h4 h5 42.Qg6 Rf6 {Tiempo}
0-1

[Event "Campeonato de Aragon por Equipos 2009"]
[Site "Aragon"]
[Date "2009.02.21"]
[Round "4.51"]
[White "Sebastian Bespin Ruben"]
[Black "Gutierrez Minguenza Ruben"]
[Result "1-0"]
[WhiteElo "2086"]
[BlackElo "2068"]

1.e4 c5 2.Nf3 Nc6 3.d4 cxd4 4.Nxd4 d5 5.exd5 Qxd5 6.Be3 e6 7.Nc3 Bb4 8.Nb5 Qe5
9.a3 Be7 10.Qd2 a6 11.f4 Qb8 12.Nd4 Bd7 13.O-O-O Nf6 14.Bd3 O-O 15.Qe2 b5 16.
g4 Nxd4 17.Bxd4 Qxf4+ 18.Kb1 Bc6 19.Rhf1 Qc7 20.g5 Ne8 21.Be5 Bd6 22.Bxh7+
Kxh7 23.Qh5+ Kg8 24.Rf4 f5 25.Bxd6 Nxd6 26.g6 Rf6 27.Qh7+ Kf8 28.Qh8+ Ke7 29.
Qxg7+ Nf7 30.gxf7 Rf8 31.Rh4 R8xf7 32.Qg5 e5 33.Qe3 Bb7 34.Nd5+ Bxd5 35.Rxd5
e4 36.Rh8 Rf8 37.Rh5 Ke6 38.Rc5 Qd6 39.Qb3+ Ke7 40.Rd5 Qe6 41.Qb4+ Kf7 42.Qd4
Kg6 43.Qd1 e3 44.Rd3 e2 45.Qg1+ Kf7 46.Rh7+ 1-0

[Event "Campeonato de Aragon por Equipos 2009"]
[Site "Aragon"]
[Date "2009.02.21"]
[Round "4.52"]
[White "Palomar Ramon Santiago"]
[Black "Ruiperez Ramon"]
[Result "1/2-1/2"]
[WhiteElo "2022"]
[BlackElo "1834"]

1.e4 e6 2.d4 c5 3.Nf3 cxd4 4.Nxd4 Nc6 5.Be3 Nf6 6.Bd3 d6 7.c4 Nxd4 8.Bxd4 Be7
9.O-O e5 10.Be3 Ng4 11.Bd2 O-O 12.h3 Nf6 13.Nc3 Be6 14.Nd5 Nxd5 15.cxd5 Bd7
16.Qb3 b5 17.Rac1 Bg5 18.Bxg5 Qxg5 19.Kh1 Rac8 20.Rxc8 Rxc8 21.Qb4 Qh6 22.Kh2
Qf4+ 23.Kg1 Qg5 24.Kh2 Qf4+ 25.Kg1 Qg5 26.Kh2 1/2-1/2

[Event "Campeonato de Aragon por Equipos 2009"]
[Site "Aragon"]
[Date "2009.02.21"]
[Round "4.53"]
[White "Malo Guillen Jose Luis"]
[Black "Gavin Roche Enrique"]
[Result "1-0"]
[WhiteElo "2162"]
[BlackElo "2278"]

1.d4 d5 2.c4 e6 3.Nc3 Nf6 4.Nf3 Nbd7 5.Bg5 c6 6.e3 Qa5 7.cxd5 Nxd5 8.Qd2 N7b6
9.Rc1 Nxc3 10.bxc3 Nd5 11.Bc4 f6 12.Bh4 b5 13.Bb3 Ba3 14.Rc2 Nb4 15.O-O Nxc2
16.Qxc2 Bd7 17.e4 O-O 18.e5 f5 19.g4 Rae8 20.gxf5 Kh8 21.f6 gxf6 22.Bxf6+ Rxf6
23.exf6 Rg8+ 24.Kh1 Qd8 25.f7 Rg7 26.Ne5 Bd6 27.Qe4 Bxe5 28.Qxe5 Qf8 29.f4
Qxf7 30.f5 h6 31.Rg1 Kh7 32.Rxg7+ Qxg7 33.fxe6 Qxe5 34.dxe5 Be8 35.Kg2 Kg7 36.
Kf3 Bg6 37.e7 1-0

[Event "Campeonato de Aragon por Equipos 2009"]
[Site "Aragon"]
[Date "2009.02.21"]
[Round "4.54"]
[White "Lopez Guaita Fernando"]
[Black "Alonso Blasco Jose Miguel"]
[Result "0-1"]
[WhiteElo "2062"]
[BlackElo "2098"]

1.d4 Nf6 2.Nf3 e6 3.c4 Bb4+ 4.Bd2 Qe7 5.a3 Bxd2+ 6.Nbxd2 d6 7.e3 O-O 8.Bd3 e5
9.Qc2 Re8 10.dxe5 dxe5 11.O-O-O Nbd7 12.Ng5 h6 13.Nge4 Nxe4 14.Bxe4 Nc5 15.Nb3
Nxe4 16.Qxe4 a5 17.Qd5 a4 18.Nd2 c6 19.Qd3 e4 20.Qc3 b5 21.Nb1 Bg4 22.Rd2 Rad8
23.h3 Be6 24.Rxd8 Rxd8 25.Nd2 f5 26.f3 Rd3 27.Qe5 Qd7 28.Nb1 Bxc4 29.fxe4 Bb3
30.Nc3 fxe4 31.Qxe4 Rd2 32.Rf1 Bc2 33.Qf3 Bg6 34.e4 Rd3 35.Qf4 Rd6 36.g4 Kh7
37.Rd1 Rxd1+ 38.Nxd1 Qd3 39.Nc3 Qxh3 40.Kd2 Qg2+ 41.Ke3 Qxb2 42.Kd4 c5+ 0-1

[Event "Campeonato de Aragon por Equipos 2009"]
[Site "Aragon"]
[Date "2009.02.21"]
[Round "4.55"]
[White "Mombiela de Sus Jose Luis"]
[Black "Bayod Rubia Angel"]
[Result "1/2-1/2"]
[WhiteElo "1957"]
[BlackElo "2041"]

1.Nf3 Nf6 2.b4 g6 3.Bb2 Bg7 4.c4 O-O 5.g3 c6 6.Bg2 Qb6 7.Qb3 a5 8.a3 axb4 9.
axb4 Rxa1 10.Bxa1 Na6 11.b5 Ne4 12.Bxg7 Kxg7 13.Qb2+ f6 14.Qd4 Nac5 15.O-O
cxb5 16.cxb5 e5 17.Qb2 Ne6 18.d3 N4g5 19.Nxg5 Nxg5 20.Nc3 Qe6 21.Qb4 d6 22.Nd5
Nh3+ 23.Bxh3 Qxd5 24.Bg2 Qc5 25.Qxc5 dxc5 26.b6 Be6 27.Ra1 Rb8 28.Ra7 Bc8 29.
Ra5 Kh6 30.h4 Bg4 31.f3 Bd7 32.Rxc5 Ra8 33.Rc7 Bc6 34.f4 exf4 35.Bxc6 bxc6 36.
gxf4 f5 37.Kf2 Ra4 38.Kf3 Rb4 39.Rxc6 Kh5 40.Rc7 h6 41.b7 g5 42.hxg5 hxg5 43.
fxg5 Kxg5 44.d4 Kf6 45.e3 Rb1 46.e4 fxe4+ 47.Kxe4 Ke6 48.Kd3 Kd6 49.Rh7 Kc6
50.Kc2 Rb5 51.d5+ Kd6 52.Kc3 Rb1 53.Kc4 Rb2 54.Rh6+ Kc7 55.Rh7+ Kd6 56.Rh6+
Kc7 57.Rh7+ Kd6 1/2-1/2

[Event "Campeonato de Aragon por Equipos 2009"]
[Site "Aragon"]
[Date "2009.02.21"]
[Round "4.56"]
[White "Ferrer Echevarri Francisco Javi"]
[Black "Morato Garcia Jesus"]
[Result "1/2-1/2"]
[WhiteElo "1969"]
[BlackElo "1825"]

1.d4 Nf6 2.c4 e6 3.Nf3 Bb4+ 4.Bd2 Qe7 5.a3 Bxd2+ 6.Qxd2 b6 7.Nc3 Bb7 8.Qc2 d5
9.e3 O-O 10.Bd3 dxc4 11.Bxc4 Nbd7 12.O-O c5 13.Rfe1 Rac8 14.Qb3 Ng4 15.d5 Nge5
16.Nxe5 Nxe5 17.Rad1 Nxc4 18.Qxc4 exd5 19.Nxd5 Qe6 20.e4 Rfd8 21.f3 Kf8 22.Ne3
Qxc4 23.Nxc4 Ke7 24.Kf2 f6 25.Ne3 Ke6 26.g3 Rd4 27.Nf5 Rxd1 28.Rxd1 g6 29.Rd6+
Ke5 30.Rd7 Bxe4 31.fxe4 gxf5 32.exf5 Kxf5 33.Rxh7 a5 34.Kf3 c4 35.Rh5+ Kg6 36.
Rb5 c3 37.bxc3 Rxc3+ 38.Kf4 Rxa3 39.Rxb6 Ra4+ 40.Kf3 Ra1 41.Ra6 a4 42.Ra5 a3
43.Kg2 a2 44.h3 Kh6 45.h4 Kg6 46.h5+ Kh6 47.g4 f5 48.Ra6+ Kg5 49.h6 Rb1 50.
Rxa2 fxg4 51.h7 Rb8 1/2-1/2